Flooding and property values (Record no. 115701)

MARC details
000 -LEADER
fixed length control field 01004cam a2200193 4500
001 - CONTROL NUMBER
control field L159144
008 - FIXED-LENGTH DATA ELEMENTS--GENERAL INFORMATION
fixed length control field 050513n2009 000 0 eng u
035 ## - SYSTEM CONTROL NUMBER
System control number (Sirsi) u159144
041 ## - LANGUAGE CODE
Language code of text/sound track or separate title eng
100 ## - MAIN ENTRY--PERSONAL NAME
Personal name Lamond, Jessica
245 ## - TITLE STATEMENT
Title Flooding and property values
Remainder of title What is the impact of flooding on property values?
260 ## - PUBLICATION, DISTRIBUTION, ETC.
Place of publication, distribution, etc. London
Name of publisher, distributor, etc. RICS
Date of publication, distribution, etc. 2009
490 #0 - SERIES STATEMENT
Series statement RICS Findings in Built and Rural Environments
520 ## - SUMMARY, ETC.
Summary, etc. Indicates that flooding has only a temporary impact on property values, and after 3 years prices had returned to their normal market level. While flood events in low risk areas had no impact on property prices, being designated at high risk of flooding also has had no effect on property values in areas with no flood events.
651 #4 - SUBJECT ADDED ENTRY--GEOGRAPHIC NAME
Geographic name ENGLAND AND WALES
690 ## - LOCAL SUBJECT ADDED ENTRY--TOPICAL TERM (OCLC, RLIN)
Topical term or geographic name as entry element ENVIRONMENTAL AND LAND CONSULTANCY-WATER RESOURCE MANAGEMENT-FLOODING
856 ## - ELECTRONIC LOCATION AND ACCESS
Uniform Resource Identifier <a href="https://www.rics.org/Global/Downloads/Flooding_and_property_values.pdf">https://www.rics.org/Global/Downloads/Flooding_and_property_values.pdf</a>
Public note Broken link - not available
942 ## - ADDED ENTRY ELEMENTS (KOHA)
Suppress in OPAC 0
Holdings
Withdrawn status Lost status Source of classification or shelving scheme Damaged status Not for loan Home library Current library Shelving location Date acquired Total Checkouts Full call number Barcode Date last seen Copy number Price effective from Koha item type
    Dewey Decimal Classification     Virtual Virtual Online 10/02/2016   ONLINE PUBLICATION 159144-2001 06/08/2019 1 06/08/2019 Book